000
003220000a22001450004500
001
005039
003
MACL
040
_a
MACL
090
_c
17032
_d
17031
245
_a
Tazmeen Ba Aadab
_b
Mirza Naseer Uddin Mohd
260
_a
Matba Mazhar un Noor Rampur
350
_a
0.25
650
_a
Urdu Literature
942
_k
891
_c
Book
999
_c
16922
_d
16922